| 000 | 00479nam a22001697a 4500 | ||
|---|---|---|---|
| 005 | 20240610143502.0 | ||
| 008 | 240610b |||||||| |||| 00| 0 eng d | ||
| 020 | _a9780071351850 | ||
| 082 |
_a004.68 _bBR-I |
||
| 100 | _aBrown, Steven | ||
| 245 |
_aImplement virtual private networks / _cSteven Brown |
||
| 260 |
_aUSA: _bElsevier; _c2000. |
||
| 300 |
_a594 p. : _bill; _c23 cm. |
||
| 500 | _ainclude index. | ||
| 650 | _acomputer science/ web operating system | ||
| 999 |
_c35880 _d35880 |
||